书目信息 |
| 题名: |
DNA疫苗
|
|
| 作者: | 美 H.C.J.埃特尔 主编 ;车艳春 , 刘龙丁 , 李琦涵 主译 | |
| 分册: | ||
| 出版信息: | 北京 化学工业出版社 2005 |
|
| 页数: | ||
| 开本: | 29cm | |
| 丛书名: | ||
| 单 册: | ||
| 中图分类: | R979.9 | |
| 科图分类: | ||
| 主题词: | 药物--汇编 , 药物 | |
| 电子资源: | ||
| ISBN: | 7-5025-6687-2 | |
| 000 | 00747nam0 2200229 450 | |
| 001 | 0754114953 | |
| 005 | 20070929150154.95 | |
| 010 | @a7-5025-6687-2 | |
| 100 | @a20070929d km y0chiy0120 ea | |
| 101 | 0 | @achi |
| 200 | 1 | @aDNA疫苗@ADNA yi miao@f[美] H.C.J.埃特尔 主编@F[mei]H.C.J.ai te er zhu bian@g李琦涵,刘龙丁,车艳春 主译@Gli qi han,liu long ding,che yan chun zhu yi |
| 210 | @a北京@c化学工业出版社@d2005 | |
| 215 | @c插图@d29cm | |
| 606 | 0 | @a药物@x汇编 |
| 606 | 0 | @a药物 |
| 690 | @aR979.9@v3 | |
| 701 | 0 | @a美 H.C.J.埃特尔@Amei H.C.J.ai te er@4主编 |
| 702 | 0 | @a车艳春@Ache yan chun@4主译 |
| 702 | 0 | @a刘龙丁@Aliu long ding@4主译 |
| 702 | 0 | @a李琦涵@Ali qi han@4主译 |
| 801 | 0 | @aCN@bPFT@c20070929 |
| 905 | @a213230@dR979.9@eh47@f1 | |
| DNA疫苗/[美] H.C.J.埃特尔 主编/李琦涵,刘龙丁,车艳春 主译.-北京:化学工业出版社,2005 |
| 插图;29cm |
| ISBN 7-5025-6687-2: |
| ● |
| 相关链接 |
|
|
|
|
正题名:DNA疫苗
索取号:R979.9/h47
 
预约/预借
| 序号 | 登录号 | 条形码 | 馆藏地/架位号 | 状态 | 备注 |
| 1 | 6002403 | 260024039 | 密集书库-化学系/ [索取号:R979.9/h47] | 在馆 | |
| 2 | 6002404 | 260024048 | 密集书库-化学系/ [索取号:R979.9/h47] | 在馆 |